Women farmers of India / (Record no. 39536)

MARC details
000 -LEADER
fixed length control field 00833nam a22002177a 4500
005 - DATE AND TIME OF LATEST TRANSACTION
control field 20100805144659.0
010 ## - LCCN (DPL NO)
LC control number ENG-98417
020 ## - INTERNATIONAL STANDARD BOOK NUMBER
Terms of availability 45.00
International Standard Book Number 9788123753195
035 ## - SYSTEM CONTROL NUMBER
System control number EN-81950
037 ## - SOURCE OF ACQUISITION
Source of stock number/acquisition DBAD/PUB
082 ## - DEWEY DECIMAL CLASSIFICATION NUMBER
Classification number 305.43630954
100 ## - MAIN ENTRY--PERSONAL NAME
Personal name Krishanaraj, Maithreyi
245 ## - TITLE STATEMENT
Title Women farmers of India /
Statement of responsibility, etc by MaithreyiKrishnaraj [and] Aruna Kanchi
260 ## - PUBLICATION, DISTRIBUTION, ETC. (IMPRINT)
Place of publication, distribution, etc New Delhi
Name of publisher, distributor, etc National Book Trust
Date of publication, distribution, etc 2008
270 ## - ADDRESS
Address Plot No. 5, Institutional Area Phase-II, Vasant Kunj
City New Delhi
Postal code 110070
300 ## - PHYSICAL DESCRIPTION
Extent 161 p.
Other physical details 22cm (Pbk)
500 ## - GENERAL NOTE
General note Includes bibliographical references and index
700 ## - ADDED ENTRY--PERSONAL NAME
9 (RLIN) 6809
Personal name Kanchi, Aruna
942 ## - ADDED ENTRY ELEMENTS (KOHA)
Source of classification or shelving scheme Dewey Decimal Classification
Item type English Books
Classification part 305.43630954
Call number suffix KRI
Holdings
Withdrawn status Lost status Not for loan Collection code Home library Current library Date acquired Cost, normal purchase price Full call number Barcode Copy number Cost, replacement price Koha item type
    Not For Loan Non-fiction D.B.Act.Division D.B.Act.Division 05/08/2010 45.00 305.43630954 KRI EN-81950 1 45.00 English Books

© Delhi Public Library
Hit Counter
free hit counter